000 01195nam a22003377a 4500
003 CHAP
005 20220329143449.0
008 091109s2009 mx r 00010 spa d
010 _a97039
011 _a98011
035 _a108686
040 _cCHAP
090 _aTesis
100 1 _aQuiroz Mora, Juana
_993524
245 1 0 _aImportancia de la agricultura tradicional en las comunidades campesinas totonacas del municipio de Huehuetla, Puebla
_c/por Juana Quiroz Mora
260 _aChapingo, Méx. :
_bEl autor,
_c2009
300 _aix, 240 h. :
502 _aTesis (M. C. en Sociologia Rural) -- UACH. Departamento de Sociologia Rural
590 _aALEPH
_b10
_c20130110
_lUCH01
_h1530
590 _aBATCH-UPD
_b10
_c20130110
_lUCH01
_h1039
590 _aCONVERSION
_b10
_c20130109
_lUCH01
_h1354
650 1 4 _aAgricultura tradicional.
_92029
650 1 4 _aCampesinado
_xPuebla.
_918035
650 1 4 _aComunidades rurales.
_926254
650 1 4 _aTotonacas.
_9114360
901 _aBK
911 _aen proceso
942 _cFOLL
949 _aTesis
_bBC
_cTES
_d33724002111900
_eTS1
_gDonaciØn
_h49700
_i108686
_sb
949 _aTesis
_bBC
_cTES
_d33724002111941
_eTS2
_fc.2
_gDonaciØn
_h49701
_i108686
_si
999 _c97039
_d97039